000 01159nam a2200265 a 4500
005 20200104041601.0
008 161022s2005 ck ado||r|||| 00| 0 spa d
040 _aCO-BoIAVH
_cCO-BoIAVH
041 0 _aspa
044 _ack
082 0 4 _a633.61
_bL92c
100 1 _aLópez Lopera, Juan Gonzalo
_eautor
245 1 0 _aConservación, siembra, manejo y utilización de las especies aglutinantes más importantes en la agroindustria panelera /
_cJuan Gonzalo López Lopera, Guillermo Osorio Cadavid y Oscar Arturo Delgado Paz
260 _aMedellín, Colombia :
_bCORPOICA :
_bCORANTIOQUIA,
_c2005.
300 _a80 páginas :
_bilustraciones a color, tablas y fotografías a color ;
_c23 x 17 cm.
490 0 _aBoletín Técnico ;
_v25
504 _aIncluye referencias bibliográficas.
650 2 4 _aEspecies aglutinantes
_xconservación
_zColombia
650 2 4 _aEspecies aglutinantes
_xTaxonomía
_zColombia
650 2 4 _aEspecies aglutinantes
_xcultivo
_zColombia
650 2 6 _aBotánica
700 1 _aOsorio Cadavid, Guillermo
_eautor
700 1 _aDelgado Paz, Oscar Arturo
_eautor
942 _cLIBRO
_2ddc
999 _c5720
_d5720